Every Billboard #1 Hit of the 1990s - Statistics

General Stats
  • This quiz has been taken 114 times
  • The average score is 41 of 140
Answer Stats
Date Artist # of Weeks at #1 Song % Correct
Sinéad O'Connor 4 Nothing Compares 2 U
76%
May 1990 Madonna 3 Vogue
71%
November 1990 Vanilla Ice 1 Ice Ice Baby
69%
July 1995 TLC 7 Waterfalls
68%
March 1999 Cher 4 Believe
66%
Coolio ft L.V. 3 Gangsta's Paradise
63%
Whitney Houston 14 I Will Always Love You
63%
February 1997 Spice Girls 4 Wannabe
60%
Elton John 14 Candle in the Wind '97 / Something About the Way You Look Tonight
58%
August 1995 Seal 1 Kiss From A Rose
58%
Céline Dion 2 My Heart Will Go On
58%
April 1992 Kris Kross 8 Jump
56%
July 1992 Sir Mix-A-Lot 5 Baby Got Back
55%
December 1991 Michael Jackson 7 Black or White
55%
Right Said Fred 3 I'm Too Sexy
55%
Santana ft Rob Thomas 12 Smooth
55%
June 1990 Wilson Phillips 1 Hold On
53%
May 1999 Ricky Martin 5 Livin' la Vida Loca
53%
March 1994 Ace of Base 6 The Sign
52%
Christina Aguilera 5 Genie in a Bottle
52%
August 1996 Los Del Rio 14 Macarena (Bayside Boys Mix)
50%
April 1999 TLC 4 No Scrubs
50%
Bryan Adams 7 (Everything I Do) I Do It for You
48%
Britney Spears 2 Baby One More Time
45%
June 1998 Brandy & Monica 13 The Boy Is Mine
45%
Hanson 3 MMMBop
44%
Alannah Myles 2 Black Velvet
42%
Mariah Carey 4 Hero
42%
December 1996 Toni Braxton 11 Un-Break My Heart
42%
Boyz II Men 13 End of the Road
40%
Mariah Carey 3 Emotions
40%
February 1992 George Michael & Elton John 1 Don't Let The Sun Go Down On Me
39%
March 1990 Janet Jackson 3 Escapade
39%
June 1991 Extreme 1 More Than Words
39%
Snow 7 Informer
37%
July 1999 Destiny's Child 1 Bills, Bills, Bills
35%
October 1991 Marky Mark and the Funky Bunch ft Loleatta Holloway 1 Good Vibrations
35%
Boyz II Men 14 I'll Make Love to You
35%
May 1991 Roxette 1 Joyride
35%
Janet Jackson 1 Love Will Never Do (Without You)
35%
Paula Abdul 5 Rush Rush
35%
April 1995 Montell Jordan 7 This Is How We Do It
35%
Michael Bolton 1 When A Man Loves A Woman
35%
February 1991 C+C Music Factory ft Freedom Williams 2 Gonna Make You Sweat (Everybody Dance Now)
34%
September 1998 Aerosmith 4 I Don't Want to Miss a Thing
34%
February 1990 Paula Abdul & The Wild Pair 3 Opposites Attract
34%
Roxette 2 It Must Have Been Love
32%
August 1990 Mariah Carey 4 Vision of Love
32%
January 1992 Color Me Badd 1 All 4 Love
31%
Mariah Carey 8 Fantasy
31%
November 1996 Blackstreet ft Dr. Dre 4 No Diggity
31%
August 1994 Lisa Loeb & Nine Stories 3 Stay (I Missed You)
31%
Will Smith ft Dru Hill & Kool Moe Dee 1 Wild Wild West
31%
January 1994 Bryan Adams, Rod Stewart, & Sting 3 All For Love
29%
Prince & The New Power Generation 2 Cream
29%
June 1997 Puff Daddy & Faith Evans ft 112 11 I'll Be Missing You
29%
December 1995 Mariah Carey & Boyz II Men 16 One Sweet Day
29%
Barenaked Ladies 1 One Week
29%
New Kids on the Block 3 Step By Step
29%
February 1994 Céline Dion 4 The Power Of Love
29%
March 1993 Peabo Bryson & Regina Belle 1 A Whole New World
27%
Janet Jackson 1 Black Cat
27%
January 1995 TLC 4 Creep
27%
May 1994 All-4-One 11 I Swear
27%
Amy Grant 2 Baby Baby
26%
March 1991 Mariah Carey 2 Someday
26%
February 1995 Madonna 7 Take A Bow
26%
August 1992 Madonna 1 This Used To Be My Playground
26%
January 1998 Savage Garden 2 Truly Madly Deeply
26%
July 1991 EMF 1 Unbelievable
26%
September 1999 Enrique Iglesias 2 Bailamos
24%
July 1996 2Pac ft K-Ci & JoJo / Dr. Dre and Roger Troutman 2 How Do U Want It / California Love
24%
Janet Jackson 8 That's The Way Love Goes
24%
Mr. Big 3 To Be With You
24%
Jon Bon Jovi 1 Blaze Of Glory
23%
September 1993 Mariah Carey 8 Dreamlover
23%
October 1999 Mariah Carey ft Jay-Z 2 Heartbreaker
23%
May 1997 The Notorious B.I.G. 3 Hypnotize
23%
November 1993 Meat Loaf 5 I'd Do Anything for Love (But I Won't Do That)
23%
January 1991 Madonna 2 Justify My Love
23%
March 1992 Vanessa Williams 5 Save the Best for Last
23%
Janet 2 Together Again
23%
April 1998 K-Ci & JoJo 3 All My Life
21%
January 1990 Michael Bolton 3 How Am I Supposed to Live Without You
21%
June 1999 Jennifer Lopez 5 If You Had My Love
21%
December 1990 Whitney Houston 1 I'm Your Baby Tonight
21%
April 1991 Londonbeat 1 I've Been Thinking About You
21%
Mariah Carey 3 Love Takes Time
21%
December 1994 Boyz II Men 6 On Bended Knee
21%
September 1991 Paula Abdul 1 The Promise of a New Day
21%
September 1995 Michael Jackson 1 You Are Not Alone
21%
May 1996 Mariah Carey 2 Always Be My Baby
19%
Nelson 1 (Can't Live Without Your) Love And Affection
19%
March 1998 Will Smith 3 Gettin' Jiggy Wit It
19%
Ini Kamoze 2 Here Comes the Hotstepper
19%
September 1997 Mariah Carey 3 Honey
19%
May 1998 Mariah Carey 1 My All
19%
Stevie B 4 Because I Love You (The Postman Song)
18%
March 1996 Céline Dion 6 Because You Loved Me
18%
Next 5 Too Close
18%
October 1990 Maxi Priest 1 Close To You
18%
Gloria Estefan 2 Coming Out of the Dark
18%
November 1998 Lauryn Hill 2 Doo Wop (That Thing)
18%
Color Me Badd 2 I Adore Mi Amor
18%
April 1990 Taylor Dayne 1 Love Will Lead You Back
18%
August 1997 The Notorious B.I.G. ft Puff Daddy & Mase 2 Mo Money Mo Problems
18%
November 1991 Karyn White 1 Romantic
18%
P.M. Dawn 1 Set Adrift on Memory Bliss
18%
TLC 3 Unpretty
18%
Wilson Phillips 1 You're In Love
18%
April 1994 R. Kelly 4 Bump n' Grind
16%
May 1993 Silk 2 Freak Me
16%
January 1999 Brandy 2 Have You Ever
16%
November 1992 The Heights 2 How Do You Talk To An Angel
16%
UB40 7 (I Can't Help) Falling in Love with You
16%
June 1992 Mariah Carey 2 I'll Be There
16%
Timmy T 1 One More Try
16%
Surface 2 The First Time
16%
December 1993 Janet Jackson 2 Again
15%
Whitney Houston 2 All the Man That I Need
15%
Mariah Carey 2 I Don't Wanna Cry
15%
Hi-Five 1 I Like the Way (The Kissing Game)
15%
Wilson Phillips 2 Release Me
15%
James Ingram 1 I Don't Have the Heart
13%
December 1998 R. Kelly & Céline Dion 6 I'm Your Angel
13%
July 1993 SWV 2 Weak
13%
February 1999 Monica 4 Angel of Mine
11%
November 1995 Whitney Houston 1 Exhale (Shoop Shoop)
11%
September 1990 Sweet Sensation 1 If Wishes Came True
11%
February 1998 Usher 2 Nice & Slow
11%
George Michael 1 Praying for Time
11%
July 1990 Glenn Medeiros ft Bobby Brown 2 She Ain't Worth It
11%
October 1998 Monica 5 The First Night
11%
October 1997 Boyz II Men 1 4 Seasons of Loneliness
10%
June 1995 Bryan Adams 5 Have You Ever Really Loved A Woman
10%
Divine 1 Lately
10%
Bone Thugs-N-Harmony 8 Tha Crossroads
10%
Tommy Page 1 I'll Be Your Everything
8%
Toni Braxton 1 You're Makin' Me High / Let It Flow
8%
March 1997 Puff Daddy ft Mase 6 Can't Nobody Hold Me Down
6%
No matching quizzes found
Score Distribution
Percent of People with Each Score
Percentile by Number Answered
Your Score History
You have not taken this quiz